01368nam a2200313 a 4500001001000000003000800010005001700018007001000035008003500045020001800080040002400098082002900122245007400151260006200225300002100287500007700308590002600385650005000411650003600461700003700497710006200534910004100596942001200637945000600649952012900655952013500784952012000919999001501039000042775DO-SdBN20250217121329.0000042775140207s2009 dr 000 0 spa d a9789945427608 aDO-SdBNbspacBPMSU 4aRD863.08bA634c 200922200aAntología de cuentos infantiles /ceditora Eleanor Grimaldi Silié aSanto Domingo :bSecretaría de Estado de Cultura,c2009 a146 p. ;c23 cm. aIncluye datos biográficos de la compiladora en la solapa de la portada aInventariado, 2025/VM 4aCuentos infantiles dominicanos vColecciones  4aLiteratura infantil dominicana 1 aGrimaldi Silié, Eleanord1948-1 aRepública Dominicana. bSecretaria de Estado de Cultura aVMateo V. Control de calidad. BPMSU  2ddccBK a  00102ddc40708CI-DaBPMETbBPMETd2015-01-27l0oBPMSU CDI RD863.08 A634c 2009pBPMSU15040741r2015-01-27w2015-01-27yBK 00102ddc40708CI-DaBPMETbBPMETd2015-01-27l0oBPMSU CDI RD863.08 A634c 2009pBPMSU15040742r2015-01-27t e.2w2015-01-27yBK 00102ddc40708CI-DaBPMETbBPMETd2015-01-27l0oRD863.08 A634cpBPMSU15040743r2015-01-27te.3 w2015-01-27yBK c7225d7225